01264nam a2200289 a 450000100100000000500170001000800410002704000250006804100130009308200150010610000340012124501060015526000480026130000210030949000470033050000730037750400400045053400600049065000270055065000270057765000320060470000350063683000540067195201130072595201190083899900170095700002446220250716133206.0110127s1969 ag 000 0 spa d aDO-SdBNPbspacBNPHU17aspaheng a360bF911c1 aFriedlander, Walter A.95014410aConcepto y métodos del servicio social /cWalter A. Friedlander ; traducción de Beatriz Balián. aBuenos Aires, Argentina :bKapelusz,c1969. a276 p. ;c21 cm.1 aBiblioteca de psicología contemporánea aIncluye referencias bibliográficas y notas al pie de las páginas aBibliografía : p. 113-186-256-272 aTítulo original:tConcepts and methods of social work 4aServicio social950145 0a Acción social99289 4aAsistencia pública9160781 aBalián, Beatriz,etr.950146 0aBiblioteca de psicología contemporánea949510 001050718MOaGRbGRcHDd2011-01-27iLF1l0o360 F911cp24462-10r2020-06-25w2020-06-25y1ZNo se presta 001150718MOaGRbGRcMId2017-06-06iLF1l0o360 F911cp24462-20r2020-06-25te. 2w2020-06-25y1ZNo se presta c23955d23955